000 00558nam a2200205Ia 4500
005 20250923145610.0
008 008 250917s9999 xx 000 0 eng d
037 _aTextual
040 _aDSWL
_beng
_cDSWL
041 _aeng
_2eng
084 _aS0bX8, N64
_qDSWL
100 _aHarrell, T.W.
_9837007
245 0 _aIndustrial psychology
_c by T.W.Harrell
260 _aNew Delhi
_bDelhi Oxford
_c1964
300 _axv,398 p.
365 _aINR
_b18.90
925 _g18.90
942 _cTEXL
_hS0bX8, N64
999 _c1453310
_d1453310